Historia y función de las tres grandes perícopas del ciego de nacimiento, la Samaritana y Lázaro (Registro nro. 69566)
[ vista simple ]
| 000 -LÍDER | |
|---|---|
| Campo fijo de descripción fija | 01486nab a2200217 i 4500 |
| 001 - NÚMERO DE CONTROL | |
| Campo de control | 768714001 |
| 003 - IDENTIFICADOR DEL NÚMERO DE CONTROL | |
| Campo de control | CO-MdFUSB |
| 005 - FECHA Y HORA DE LA ULTIMA TRANSACCIÓN | |
| control field | 20240508161610.0 |
| 008 - ELEMENTOS DE LONGITUD FIJA -- INFORMACIÓN GENERAL | |
| Campo fijo de descripción fija -- Información general | 240507t1967 sp ||||| |||| 00| 0 spa d |
| 040 ## - FUENTE DE CATALOGACIÓN | |
| Idioma de catalogación | spa |
| Agencia que realiza la transcripción | CO-MdFUSB |
| Agencia que realiza la modificación | CO-MdFUSB |
| 041 ## - CÓDIGO DE IDIOMA | |
| Código de idioma para texto/pista de sonido o título separado | spa |
| 100 ## - ASIENTO PRINCIPAL--NOMBRE PERSONAL | |
| Nombre personal | Maertens, Thierry, |
| Término relacionador | autor |
| 245 ## - TÍTULO | |
| Título | Historia y función de las tres grandes perícopas del ciego de nacimiento, la Samaritana y Lázaro |
| Mención de responsabilidad | / Thierry Maertens |
| 520 ## - NOTA DE RESUMEN, ETC. | |
| Nota de sumario, etc. | Gracias a las investigaciones de Mr. Antoine Chavasse podemos hoy comprender los formularios de Cuaresma. Remontando progresivamente el curso de los siglos, y llegando hasta antes del 348, el profesor de Estrasburgo ha descubierto que en esta época la preparación para la Pascua estaba dominada por tres lecturas importantes. Estas estaban ligadas con los tres únicos domingos que comprendía la preparación en esa época: Juan 3 (la samaritana), Juan 9 (el ciego de nacimiento), Juan 12 (la resurrección de Lázaro). Tal vez habría que añadir una cuarta lectura: Juan 8 (Abraham), a la que Mr. Chavasse no concede la importancia que parece haber tenido en las liturgias milanesa, beneventina y galicana.<br/> |
| 650 #7 - ASIENTO SECUNDARIO DE MATERIA - TERMINO TEMÁTICO | |
| Término temático o nombre geográfico como elemento de entrada | Liturgia |
| 9 (RLIN) | 206 |
| 650 #0 - ASIENTO SECUNDARIO DE MATERIA - TERMINO TEMÁTICO | |
| Término temático o nombre geográfico como elemento de entrada | Biblia |
| 9 (RLIN) | 16 |
| 653 ## - TÉRMINO DE INDIZACIÓN - NO CONTROLADO | |
| Término no controlado | Cuaresma |
| 773 0# - ASIENTO DE ITEM FUENTE | |
| Biblionumber | 49450 |
| Itemnumber | 82582 |
| Otro identificador del ítem | R2512 |
| Título | Revista internacional de teología Concilium |
| Número de control del registro | (CO-MdFUSB)8 |
| Número Internacional Normalizado para Publicaciones Seriadas (ISSN) | 0210-1041 |
| Parte(s) relacionada(s) / Volumen., número. (mes año), páginas | Número 22, (febrero, 1967), páginas: 234 - 239 |
| Enumeración y primera página | página: 234 |
| 942 ## - TIPO DE MATERIAL (KOHA) | |
| Tipo de Item KOHA | Artículos de Revista |
| 945 ## - INFORMACIÓN LOCAL DEL REGISTRO | |
| Catalogador | Catherine Arias Alvarez - Practicante SENA |
No hay ítems disponibles.
